| Tag |
First Indicator |
Second Indicator |
Subfields |
| LEADER |
00000cas a2200000 a 4500 |
| 001 |
in00002431221 |
| 005 |
20211202185943.0 |
| 006 |
m | |
| 007 |
cr ||||||||||| |
| 008 |
081022d19uu2004dcu|| |s s f| 0eng c |
| 010 |
|
|
|a 2008230790
|
| 035 |
|
|
|a (OCoLC)ocn263068277
|
| 040 |
|
|
|a GPO
|c GPO
|d GPO
|d MvI
|d UtOrBLW
|
| 042 |
|
|
|a lcd
|
| 043 |
|
|
|a n-us---
|
| 049 |
|
|
|a WWW
|
| 074 |
|
|
|a 0455-G-09 (online)
|
| 086 |
0 |
|
|a ED 1.328/3:C 73/
|
| 245 |
0 |
0 |
|a Documentation to the NCES common core of data state-level public school dropout data file.
|
| 246 |
1 |
|
|i Web site index title:
|a State-level public school dropout data
|
| 250 |
|
|
|a File version 1a.
|
| 264 |
|
1 |
|a Washington, DC :
|b National Center for Education Statistics, Institute of Education Sciences.
|
| 300 |
|
|
|a volumes :
|b digital, PDF files.
|
| 310 |
|
|
|a Annual
|
| 336 |
|
|
|a text
|b txt
|2 rdacontent
|
| 337 |
|
|
|a computer
|b c
|2 rdamedia
|
| 338 |
|
|
|a online resource
|b cr
|2 rdacarrier
|
| 362 |
1 |
|
|a Ceased with school year 2003-04.
|
| 538 |
|
|
|a Mode of access: Internet from the NCES web site. Address as of 10/22/08: http://nces.ed.gov/ccd/drpstatelvl.asp ; current access is available via PURL.
|
| 500 |
|
|
|a Description based on school year 2002-03; title from PDF title page (viewed Oct. 22, 2008).
|
| 500 |
|
|
|a Final issue consulted.
|
| 500 |
|
|
|a Electronic resource.
|
| 650 |
|
0 |
|a High school dropouts
|z United States
|v Statistics.
|
| 650 |
|
0 |
|a Dropouts
|z United States
|v Statistics.
|
| 650 |
|
0 |
|a Middle school students
|z United States
|v Statistics.
|
| 650 |
|
0 |
|a Educational surveys
|z United States
|x Data processing.
|
| 785 |
0 |
0 |
|t NCES common core of data state-level public-use data file on public school dropouts
|w (DLC) 2008230791
|w (OCoLC)263068404
|
| 710 |
2 |
|
|a National Center for Education Statistics.
|
| 856 |
4 |
0 |
|u https://purl.fdlp.gov/GPO/LPS104168
|z Click on PDF file entry for 2002-03 and/or 2003-04
|t 0
|
| 999 |
|
|
|a MARS
|
| 999 |
f |
f |
|s 05c942ab-1b50-3612-a777-92e2f5fdd0eb
|i 02249cd5-49a7-3806-94cf-fe463d409b9b
|t 0
|
| 952 |
f |
f |
|a Texas A&M University
|b College Station
|c Electronic Resources
|d Available Online
|t 0
|e ED 1.328/3:C 73/
|h Superintendent of Documents classification
|
| 998 |
f |
f |
|a ED 1.328/3:C 73/
|t 0
|l Available Online
|